• 首页
  • 本馆介绍
  • 公告通知
  • 最新文献
  • 馆藏检索
  • 电子资源
  • 读者导购
  • 参考咨询
  • 我的图书馆
  • 登录
  • 详细信息显示
  • 放入我的书架
  • 预约/预借图书
  • 作者相关作品
  • 分类相关作品
  • 丛书相关作品
  • 出版社相关作品

书目信息

  • 表格格式
  • 工作单格式
  • 卡片格式
题名:
抗战时期的人口迁移
    
 
作者: 张根福 著
分册:  
出版信息: 北京   光明日报出版社  2006
页数: 314页
开本: 23cm
丛书名: 光明学术文库
单 册:
中图分类: C922.2
科图分类:
主题词: 人口迁移--研究--中国--1937~1945
电子资源:
ISBN: 7-80206-383-3
000 01007oam2 2200265 450
001 012007045586
005 20070804110611.29
010    @a7-80206-383-3@dCNY42.80
100    @a20070620d2006 em y0chiy0110 ea
101 0  @achi
102    @aCN@b110000
105    @ak z 000yy
200 1  @a抗战时期的人口迁移@9kang zhan shi qi de ren kou qian yi@e兼论对西部开发的影响@f张根福著
210    @a北京@c光明日报出版社@d2006
215    @a314页@d23cm
225 2  @a光明学术文库@i当代浙江学术文丛
300    @a国家社会科学基金项目 浙江省社科联省级社会科学 学术著作出版资金资助出版
330    @a本书分上下两篇共九章,内容包括背景分析;数量、过程与分布;结构分析;有组织社会群体的迁移;难民的迁移;人口迁移与经济开发等。
462  0 @12001 @a当代浙江学术文丛
517 1  @a兼论对西部开发的影响@9jian lun dui xi bu kai fa de ying xiang
606 0  @a人口迁移@x研究@y中国@z1937~1945
690    @aC922.2@v4
701  0 @a张根福@9zhang gen fu@4著
801  0 @aCN@bRENTIAN@c20070804
905    @a10447@dC922.2@e69
    
    抗战时期的人口迁移:兼论对西部开发的影响/张根福著.-北京:光明日报出版社,2006
    314页;23cm.-(光明学术文库.当代浙江学术文丛)
    国家社会科学基金项目 浙江省社科联省级社会科学 学术著作出版资金资助出版
    
    ISBN 7-80206-383-3:CNY42.80
    本书分上下两篇共九章,内容包括背景分析;数量、过程与分布;结构分析;有组织社会群体的迁移;难民的迁移;人口迁移与经济开发等。
●
相关链接 在E读中查询图书 在五车中查询图书 在当当中查询图书 在豆瓣中查询图书


正题名:抗战时期的人口迁移     索取号:C922.2/69         预约/预借

序号 登录号 条形码 馆藏地/架位号 状态 备注
1 0803710   208037104   第一样本阅览室/ [索取号:C922.2/69] 在馆    
2 0803711   208037113   第一借阅区/ [索取号:C922.2/69] 在馆    
3 0803712   208037122   教育系资料室/ [索取号:C922.2/69] 在馆    
4 0803713   208037131   第一借阅区/ [索取号:C922.2/69] 在馆    
5 0803714   208037140   第一借阅区/ [索取号:C922.2/69] 在馆    
6 0803715   208037159   教育系资料室/ [索取号:C922.2/69] 在馆    
7 0803716   208037168   第一借阅区/ [索取号:C922.2/69] 在馆    
8 0803717   208037177   教育系资料室/ [索取号:C922.2/69] 在馆    
9 0803718   208037186   教育系资料室/ [索取号:C922.2/69] 在馆    
10 0803719   208037195   第一借阅区/ [索取号:C922.2/69] 在馆    
唐山师范学院图书馆 欢迎您!
大连网信软件有限公司© 版权所有